书目信息 |
| 题名: |
指向专业成长的课堂观察研究与实践
|
|
| 作者: | 季晓军 著 | |
| 分册: | ||
| 出版信息: | 上海 上海教育出版社 2017 |
|
| 页数: | 154页 | |
| 开本: | 26cm | |
| 丛书名: | ||
| 单 册: | ||
| 中图分类: | G623.152 | |
| 科图分类: | ||
| 主题词: | 思想品德课--课堂教学--教学研究--小学 , 社会科学课--课堂教学--教学研究--小学 | |
| 电子资源: | ||
| ISBN: | 978-7-5444-7486-3 | |
| 000 | 00952nam0 2200229 450 | |
| 001 | 4056 | |
| 005 | 20180527213746.14 | |
| 010 | @a978-7-5444-7486-3@dCNY40.00 | |
| 100 | @a20171222d2017 em y0chiy50 ea | |
| 101 | 0 | @achi |
| 102 | @aCN@b310000 | |
| 105 | @ay z 000yy | |
| 200 | 1 | @a指向专业成长的课堂观察研究与实践@9zhi xiang zhuan ye cheng zhang de ke tang guan cha yan jiu yu shi jian@e以小学品德与社会学科为例@f季晓军著 |
| 210 | @a上海@c上海教育出版社@d2017 | |
| 215 | @a154页@d26cm | |
| 330 | @a本书以小学品德与社会学科为例,聚焦”以团队的力量引领教师专业成长新风尚”,从理论与基础说起,呈现研究的实践与探索,对小学品德与社会教师的专业成长进行反思与展望,描述了在科学的观察中完善专业生活的完整过程。 | |
| 606 | 0 | @a思想品德课@x课堂教学@x教学研究@x小学 |
| 606 | 0 | @a社会科学课@x课堂教学@x教学研究@x小学 |
| 690 | @aG623.152@v5 | |
| 701 | 0 | @a季晓军@9ji xiao jun@c(女)@4著 |
| 801 | 0 | @aCN@b91MARC@c20171222 |
| 905 | @aMuseLib@dG623.152@e564 | |
| 指向专业成长的课堂观察研究与实践:以小学品德与社会学科为例/季晓军著.-上海:上海教育出版社,2017 |
| 154页;26cm |
| ISBN 978-7-5444-7486-3:CNY40.00 |
| 本书以小学品德与社会学科为例,聚焦”以团队的力量引领教师专业成长新风尚”,从理论与基础说起,呈现研究的实践与探索,对小学品德与社会教师的专业成长进行反思与展望,描述了在科学的观察中完善专业生活的完整过程。 |
| ● |
| 相关链接 |
|
|
|
|
正题名:指向专业成长的课堂观察研究与实践
索取号:G623.152/564
 
预约/预借
| 序号 | 登录号 | 条形码 | 馆藏地/架位号 | 状态 | 备注 |
| 1 | 1111722 | 211117227 | 第一样本阅览室/ [索取号:G623.152/564] | 在馆 | |
| 2 | 1111723 | 211117236 | 教育系资料室/ [索取号:G623.152/564] | 在馆 | |
| 3 | 1111724 | 211117245 | 教育系资料室/ [索取号:G623.152/564] | 在馆 | |
| 4 | 1111725 | 211117254 | 第四借阅区/ [索取号:G623.152/564] | 在馆 |